| 000 | 00770cam a22002534a 4500 | ||
|---|---|---|---|
| 001 | 13420736 | ||
| 005 | 20180223072839.0 | ||
| 008 | 031202s2005 iaua b 001 0 eng | ||
| 010 | _a 2003025747 | ||
| 020 | _a0072556781 (hbk. : alk. paper) | ||
| 020 | _a0071112162 (ISE) | ||
| 040 |
_aDLC _cDLC _dDLC |
||
| 041 | _aeng | ||
| 042 | _apcc | ||
| 080 | _a579 PRE | ||
| 082 | 0 | 0 |
_a579 PRE _222 |
| 100 | 1 | _a11 | |
| 101 | _aMIKB | ||
| 245 | 1 | 0 |
_aMicrobiology / _cLansing M. Prescott, John P. Harley, Donald A. Klein. |
| 504 | _aIncludes bibliographical references and index. | ||
| 906 |
_a7 _bcbc _corignew _d1 _eecip _f20 _gy-gencatlg |
||
| 942 |
_2ddc _cBK |
||
| 999 |
_c43260 _d43260 |
||